UNDERSTANDING ANIMAL BREEDING (Record no. 216597)

MARC details
000 -LEADER
fixed length control field 00454nam a22001697a 4500
008 - FIXED-LENGTH DATA ELEMENTS--GENERAL INFORMATION
fixed length control field 260223b |||||||| |||| 00| 0 eng d
020 ## - INTERNATIONAL STANDARD BOOK NUMBER
International Standard Book Number 978-1-2920-4003-5
100 ## - MAIN ENTRY--PERSONAL NAME
Personal name BOURDON RICHARD M.
245 ## - TITLE STATEMENT
Title UNDERSTANDING ANIMAL BREEDING
250 ## - EDITION STATEMENT
Edition statement 2ND EDITION
260 ## - PUBLICATION, DISTRIBUTION, ETC.
Place of publication, distribution, etc. HARLOW
Name of publisher, distributor, etc. PEARSON EDUCATION LIMITED
Date of publication, distribution, etc. 2014
300 ## - PHYSICAL DESCRIPTION
Extent XIX,530P.
500 ## - GENERAL NOTE
General note INCLUDES AN INDEX
650 ## - SUBJECT ADDED ENTRY
Topical term or geographic name entry element ANIMAL BREEDIND
942 ## - ADDED ENTRY ELEMENTS (KOHA)
Source of classification or shelving scheme Library of Congress Classification
Koha item type Long Loan Book
Holdings
Withdrawn status Lost status Source of classification or shelving scheme Damaged status Not for loan Collection Home library Current library Shelving location Date acquired Inventory number Total checkouts Full call number Barcode Date last seen Copy number Price effective from Koha item type
    Library of Congress Classification     Science & Technology Kisii University Library Kisii University Library On Display 02/23/2026 112041   SF 105 .B68 2014 a000300 02/23/2026 C.1 02/23/2026 Long Loan Book
    Library of Congress Classification     Science & Technology Kisii University Library Kisii University Library On Display 02/23/2026 112042   SF 105 .B68 2014 a000299 02/23/2026 C.2 02/23/2026 Long Loan Book